000
00267nam a2200133Ia 4500
100
_a
Deb/A
942
_c
BK
654
_a
Management
245
_a
Materials management
260
_b
Academic Pub
_c
1974
082
_a
658.7
_b
DEB
300
_a
240
546
_a
ENGLISH
999
_c
34061
_d
34061